00509nam a2200181Ia 450000500170000000800410001702000150005808200130007310000190008624500270010530000130013265000220014565000170016770000240018494200060020895200980021499900150031220250626034641.0240331s9999 xx 000 0 und d a955572007X bSENa362 aSenevirathna,M 0aDerana dukwena daruwoo a144 p ., aSexual activities aCase studies aMaureen Senaviratne cL 001040708LaWERCLbWERCLcSSCd2024-03-31l0o 362.76 SENp2745r2024-03-31w2024-03-31yL c5115d5115